Bài giảng kiến trúc công trình

Bài giảng trình bày cơ sở thiết kế kiến trúc, không gian kiến trúc, bố cục không gian kiến trúc, nguyên tắc thiết kế kiến trúc và nguyên tắc thiết kế một số công trình tiêu biểu

Wedi'i Gadw mewn:
Manylion Llyfryddiaeth
Prif Awdur: Hồ, Ngọc Tri Tân
Fformat: Llyfr
Iaith:Undetermined
Cyhoeddwyd: Cần Thơ Trường Đại Học Cần Thơ 2000
Pynciau:
Tagiau: Ychwanegu Tag
Dim Tagiau, Byddwch y cyntaf i dagio'r cofnod hwn!
Thư viện lưu trữ: Trung tâm Học liệu Trường Đại học Cần Thơ
LEADER 00964nam a2200205Ia 4500
001 CTU_38424
008 210402s9999 xx 000 0 und d
082 |a 624.1771 
082 |b T121k 
100 |a Hồ, Ngọc Tri Tân 
245 0 |a Bài giảng kiến trúc công trình 
245 0 |c Hồ Ngọc Tri Tân 
260 |a Cần Thơ 
260 |b Trường Đại Học Cần Thơ 
260 |c 2000 
520 |a Bài giảng trình bày cơ sở thiết kế kiến trúc, không gian kiến trúc, bố cục không gian kiến trúc, nguyên tắc thiết kế kiến trúc và nguyên tắc thiết kế một số công trình tiêu biểu 
650 |a Buildings,Civil engineering,Structural analysis ( engineering ),Structural design 
650 |x Design and construction,Mathematic models 
904 |i Trọng Hải 
980 |a Trung tâm Học liệu Trường Đại học Cần Thơ